PRINCIPLES OF ARTIFICIAL INTELLIGENCE (Record no. 570958)

000 -LEADER
fixed length control field 00335nam a22001337a 4500
020 ## - INTERNATIONAL STANDARD BOOK NUMBER
International Standard Book Number 81-85198-29-2
082 ## - DEWEY DECIMAL CLASSIFICATION NUMBER
Classification number 006.3 NIL
100 ## - MAIN ENTRY--PERSONAL NAME
Personal name NILSSON, NILS.J
9 (RLIN) 61534
245 ## - TITLE STATEMENT
Title PRINCIPLES OF ARTIFICIAL INTELLIGENCE
260 ## - PUBLICATION, DISTRIBUTION, ETC.
Place of publication, distribution, etc. NEW DELHI
Name of publisher, distributor, etc. NAROSA
Date of publication, distribution, etc. 1999
300 ## - PHYSICAL DESCRIPTION
Extent X,476P
650 ## - SUBJECT ADDED ENTRY--TOPICAL TERM
Topical term or geographic name entry element ARTIFICIAL INTELLIGENCE
9 (RLIN) 18060
942 ## - ADDED ENTRY ELEMENTS (KOHA)
Koha item type Book
Holdings
Withdrawn status Lost status Damaged status Not for loan Permanent Location Current Location Shelving location Date acquired Total Checkouts Full call number Barcode Date last seen Price effective from Koha item type
        College of Electrical & Mechanical Engineering (CEME) College of Electrical & Mechanical Engineering (CEME) General Stacks 07/20/2017   006.3 NIL CEME-25461 06/28/2021 06/28/2021 Book
© 2023 Central Library, National University of Sciences and Technology. All Rights Reserved.